000 00375 a2200133 4500
005 20250529105157.0
020 _a9789976780826
100 _aNBAA
245 _aT03 Information and Communication Technology
250 _a1st Ed.
260 _aDar es Salaam
_bNational Board of Accountants and Auditors
_c2014
300 _a298p.
_bill; index & tables
_c29.5 cm
942 _2ddc
_cBKS
999 _c2834
_d2834